| 000 | 00449nam a2200169Ia 4500 | ||
|---|---|---|---|
| 008 | 230917s9999||||xx |||||||||||||| ||und|| | ||
| 020 | _cRS3995 | ||
| 040 |
_e242089 _aMAIN |
||
| 041 | _aEnglish | ||
| 082 | _a641.874 S64A | ||
| 100 | _aSingh, A K | ||
| 245 | 0 | _aAlcoholic hangover: causes and cure | |
| 260 |
_aJaipur _bOxford Book Company _c2017 |
||
| 300 | _a236 p. | ||
| 500 | _a2853 04/09/2017 HBD17/7048 13/09/2017 IHTM (SFS) | ||
| 942 | _cBK | ||
| 999 |
_c23861 _d23861 |
||